000 00735nam a2200229 4500
003 OSt
005 20250930005830.0
006 a
008 240624b |||||||| |||| 00| 0 eng d
020 _a9789814296281
040 _aDWCL-Main lib.
_cOC
082 _aCirc. 418.007 N972e 2009
100 _aNunan, David
245 _aELT advantage : introduction to task- based teaching /
260 _aSingapore :
_bCengage Learning Asia Pte Ltd. ,
_cc2009.
300 _b166 p. : ill. ;
_c23 cm.
504 _aIncludes bibliographical references.
650 _a1. Language and languages-Study and teaching.
650 _a2. Task analysis in education.
650 _a3. Communicative competences.
942 _2ddc
_n0
_cBK-CIRC
_kCirc.
999 _c1256
_d1256